Davide /
Guardat en:
| Autor principal: | |
|---|---|
| Format: | Llibre |
| Idioma: | italià |
| Publicat: |
Milano :
Sironi,
2009
|
| Col·lecció: | Questo e altri mondi
|
| Etiquetes: |
Sense etiquetes, Sigues el primer a etiquetar aquest registre!
|
MARC
| LEADER | 00000nam a22000007i 4500 | ||
|---|---|---|---|
| 001 | IT\ICCU\TO0\1699360 | ||
| 003 | ItRI | ||
| 005 | 20260115232109.0 | ||
| 008 | 090212s2009 it |||||| ||||| |||||c | ||
| 015 | |2 IT |a 2009866 | ||
| 020 | |a 9788851801144 | ||
| 040 | |b ita |c importazione bologna sebina | ||
| 041 | 7 | |a ita |2 ISO-639-2 | |
| 100 | 1 | |a Coccioli, Carlo, |d (1920-2003) |0 IT\ICCU\CFIV\015859 |4 aut | |
| 240 | 1 | 0 | |a Davide |3 IT\ICCU\VIA\0389893 |9 Coccioli, Carlo <1920-2003> |
| 245 | 1 | 0 | |a Davide / |c Carlo Coccioli. |
| 260 | |a Milano : |b Sironi, |c 2009 | ||
| 300 | |a 349 p. ; |c 21 cm | ||
| 830 | 0 | |a Questo e altri mondi |0 IT\ICCU\UBO\2100596 | |
| 942 | |2 ddc |c BK |n 0 | ||
| 952 | |0 0 |1 0 |4 0 |6 DOC_853_914000000000000_COC |7 0 |9 20005 |a BO |b BO |d 2026-01-15 |i 12454 |l 0 |o DOC 853.914 COC |p BO12454 |r 2026-01-15 23:21:09 |w 2026-01-15 |x [Sebina 5] [1 v.] |y BK |z 1 v. | ||
| 999 | |c 17054 |d 17054 | ||